000 00598nam a2200181 i 4500
001 101799
003 ES-MaACL
005 20230906183000.0
007 t|
008 051025s1924 fr ||||1| fre d
100 1 _aMeillet, Antoine (
_d1866-1936)
_979843
245 1 4 _aLes langues du monde /
_cpar un groupe de linguistes sous la direction de A. Meillet et Marcel Cohen.
260 _aParis :
_b[s.n.],
_c1924 (
_fProtat Frères)
300 _a811 p., 18 map. ;
_c25 cm.
650 4 _aLenguas-
_xClasificación.
_914354
700 1 _aCohen, Marcel.
_939505
852 _aES-MaACL
_jB-3437
_bR.5022
999 _c101799
_d101799